00513nmm a2200157Ia 4500008004100000020001800041041000800059100002000067245010100087264005800188300001800246650001600264856005100280942000700331999001700338251105s9999||||xx |||||||||||||||||und|| a9789875916340 aspa aSalas, Patricia 0aSordera y lenguaje : neurociencias y logogenia. Experiencias lingüísticas con niños sordos a[Buenos Aires, Argentina] :bEditorial Brujas, c2015 a250 páginas aLinguistics uhttps://public.digitaliapublishing.com/a/39617 cCF c97523d97523